| 000 | 00370 a2200145 4500 | ||
|---|---|---|---|
| 999 |
_c321395 _d321395 |
||
| 001 | 86322 | ||
| 003 | NUST | ||
| 005 | 20180122133013.0 | ||
| 008 | 180122b xxu||||| |||| 00| 0 eng d | ||
| 020 | _a9789693522990 | ||
| 082 | _a891.4393 QUR | ||
| 100 |
_aQurat-ul- Ain Haider _99475 |
||
| 245 |
_aAag ka darya _cQurat-ul-Ain Haider _hUrdu |
||
| 260 |
_aLahore _bSang-e-Meel Publishers _c2010 |
||
| 300 | _a480p. | ||
| 500 | _aGeneral Books | ||
| 942 |
_aAHQ _cBK _k891.4393 QUR _2ddc |
||